000
00288nam a22001217a 4500
008
180214b xxu||||| |||| 00| 0 eng d
041
_a
eng
080
_a
94
100
_a
16
101
_a
HIS
245
_a
PICTORIAL HISTORIES OF THE AZTECS AND MIXTECS
_c
BOONE.E.H
942
_2
udc
_c
BK
999
_c
42517
_d
42517